000 00624nam a2200217Ii 4500
003 JO-AjNU
008 230606s9999||||xx |||||||||||||| ||und||
020 _a978-1-259-00793-4
040 _aJO-AjNU
_beng
_erda
_cJO-AjNU
041 _aeng
050 1 4 _aTA350.B3552.2010
100 3 _aBeer, Fedinand/Ressel Johnston/ Phillip Cornwell,
_eauthor
_94087
245 0 0 _aVictor Mechanics for Engineers
250 _a10 ed
264 3 1 _aLondon:Mcgraw hill,2010
300 _a1315p
336 _atext
_btxt
_2rdacontent
337 _aunmediated
_bn
_2rdamedia
338 _avolume
_bnc
_2rdacarrier
650 4 _aDynamics
_94088
999 _aE2127
_c2126
_d2126